书目信息 |
| 题名: |
美学
|
|
| 作者: | 易健 著 | |
| 分册: | ||
| 出版信息: | 长沙 湖南大学出版社 2005.10 |
|
| 页数: | 377页 | |
| 开本: | 20cm | |
| 丛书名: | ||
| 单 册: | ||
| 中图分类: | B83 | |
| 科图分类: | ||
| 主题词: | 美学--mei xue--高等学校--教材 | |
| 电子资源: | ||
| ISBN: | 7-81053-996-5 | |
| 000 | 00708nam0 2200229 450 | |
| 001 | 012006439005 | |
| 005 | 20060630111744.15 | |
| 010 | @a7-81053-996-5@dCNY25.00 | |
| 100 | @a20060610d2005 km y0chiy0120 ea | |
| 101 | 0 | @achi |
| 102 | @aCN@b430000 | |
| 105 | @ay z 000yy | |
| 200 | 1 | @a美学@Amei xue@f易健著@Fyi jian zhu |
| 210 | @a长沙@c湖南大学出版社@d2005.10 | |
| 215 | @a377页@d20cm | |
| 300 | @a湖南省普通高校重点建设专业(汉语言文学专业)教材 | |
| 330 | @a本书分为八章,分别从发生论、本体论、价值论、分类学、美育学等角度对美学进行了研究。 | |
| 606 | 0 | @a美学@Amei xue@x高等学校@j教材 |
| 690 | @aB83@v4 | |
| 701 | 0 | @a易健@Ayi jian@4著 |
| 801 | 0 | @aCN@bQSSK@c20060630 |
| 905 | @a10447@dB83@eY549 | |
| 美学/易健著.-长沙:湖南大学出版社,2005.10 |
| 377页;20cm |
| 湖南省普通高校重点建设专业(汉语言文学专业)教材 |
| ISBN 7-81053-996-5:CNY25.00 |
| 本书分为八章,分别从发生论、本体论、价值论、分类学、美育学等角度对美学进行了研究。 |
| ● |
| 相关链接 |
|
|
|
正题名:美学
索取号:B83/Y549
 
预约/预借
| 序号 | 登录号 | 条形码 | 馆藏地/架位号 | 状态 | 备注 |
| 1 | 583137 | 205831377 | 数理学院资料室/ [索取号:B83/Y549] | 在馆 | |
| 2 | 583138 | 205831386 | 社科库509/509社科库 32排4列5层/ [索取号:B83/Y549] | 在馆 | |
| 3 | 583139 | 205831395 | 社科库509/509社科库 32排4列5层/ [索取号:B83/Y549] | 在馆 |